Statistics for Favorite Shinies of every type.

Click here to take the quiz!

General Stats

  • This quiz has been taken 2 times
  • The average score is 6 of 18

Answer Stats

Answer% Correct
PoisonMega Gengar
100%
DragonMega Rayquaza
100%
SteelMetagross
100%
PsychicSolgaleo
100%
NormalArceus
50%
GroundPrimal Groudon
50%
BugVolcarona
50%
DarkYveltal
50%
IceAlolan Sandslash
0%
GrassChespin
0%
FairyDiancie
0%
FlyingDrifblim
0%
FireHeatmor
0%
GhostHonedge
0%
RockRampardos
0%
WaterStaryu
0%
FightingVirizion
0%
ElectricZeraora
0%

Score Distribution

Percentile by Number Answered

Percent of People with Each Score

Your Score History

You have not taken this quiz